Fluid Mechanics for Chemical Engineers
Đã lưu trong:
| Príomhúdar: | |
|---|---|
| Formáid: | Leabhar |
| Teanga: | Undetermined |
| Foilsithe: |
Boston
McGrawHill
2005
|
| Ábhair: | |
| Clibeanna: |
Cuir Clib Leis
Gan Chlibeanna, Bí ar an gcéad duine leis an taifead seo a chlibeáil!
|
| Thư viện lưu trữ: | Trung tâm Học liệu Trường Đại học Cần Thơ |
|---|
| LEADER | 00518nam a2200193Ia 4500 | ||
|---|---|---|---|
| 001 | CTU_88163 | ||
| 008 | 210402s9999 xx 000 0 und d | ||
| 020 | |c 335800 | ||
| 082 | |a 532.02466 | ||
| 082 | |b N514 | ||
| 100 | |a Nevers, Noel de | ||
| 245 | 0 | |a Fluid Mechanics for Chemical Engineers | |
| 245 | 0 | |c Noel de Nevers | |
| 260 | |a Boston | ||
| 260 | |b McGrawHill | ||
| 260 | |c 2005 | ||
| 650 | |a Fluid mechanics,Chemical engineering | ||
| 904 | |i Năm | ||
| 980 | |a Trung tâm Học liệu Trường Đại học Cần Thơ | ||